THE INDIAN CONTRACT AND SPECIFIC RELIEF (VOL-2) (Record no. 5709)

MARC details
000 -LEADER
fixed length control field 00345nam a22001337a 4500
005 - DATE AND TIME OF LATEST TRANSACTION
control field 20210831125919.0
008 - FIXED-LENGTH DATA ELEMENTS--GENERAL INFORMATION
fixed length control field 180628b xxu||||| |||| 00| 0 eng d
041 ## - LANGUAGE CODE
Language code of text/sound track or separate title eng
100 ## - MAIN ENTRY--AUTHOR NAME
Personal name BHADBHADE, NILIMA
245 ## - TITLE STATEMENT
Title THE INDIAN CONTRACT AND SPECIFIC RELIEF (VOL-2)
260 ## - PUBLICATION, DISTRIBUTION, ETC. (IMPRINT)
Place of publication GURGAON
Name of publisher LEXIS NEXIS
Year of publication 2013
300 ## - PHYSICAL DESCRIPTION
Number of Pages 2308P,
942 ## - ADDED ENTRY ELEMENTS (KOHA)
Koha item type Books
Holdings
Lost status Damaged status Collection code Home library Current library Shelving location Date acquired Source of acquisition Cost, normal purchase price Full call number Accession Number Koha item type
    Reference JRU Library JRU Library SHELF -1-B 28/06/2018 PURCHASE 3795.00 346.5402 22382 Books
    Reference JRU Library JRU Library SHELF -1-B 28/06/2018 PURCHASE 3795.00 346.5402 22383 Books